000 00962nam a2200217Ia 4500
001 19866
003 GE_BSU
008 181216s||||||||xx |||||||||||||| ||und||
040 _cGE_BSU
080 _a34
245 _aსაქართველოს კანონი საქართველოს პარლამენტის ეროვნული ბიბლიოთეკის შესახებ: 1997 წლის 28 ოქტომბერი
260 _aთბილისი
260 _c?
300 _a17გვ.
541 _h2ლ. 40თ.
653 _a1997 წლის 28 ოქტომბერი
653 _aბიბლიოთეკარი
653 _aსაქართველოს კანონი საქართველოს პარლამენტის ეროვნული ბიბლიოთეკის შესახებ
653 _aქსეროქსი
942 _cBK
999 _c52836
_d52836